| 000 | 01233cam a2200289 4500 | ||
|---|---|---|---|
| 001 | J116520 | ||
| 008 | #DATE n2001 000 0 eng u | ||
| 035 | _a(Sirsi) u116520 | ||
| 041 | _aeng | ||
| 050 |
_a333.0062 _c18 |
||
| 110 |
_aRoyal Institution of Chartered Surveyors _94900 |
||
| 245 |
_aNew Conduct and Disciplinary Regulations (July 2001) _bConduct Regulations under Bye-Law 19; Disciplinary Regulations under Bye-Laws 10, 21 and 22; Disciplinary Constitutional Bodies Regulations under Bye-Laws 22 and 51 |
||
| 250 | _aRev. ed. | ||
| 260 |
_aLondon _bRICS _c2001 |
||
| 300 |
_a58p. _c30cm. |
||
| 490 | _aRICS Rules of Conduct | ||
| 520 | _aCame into force 3 July 2001. | ||
| 520 | _aSuperseded by "Rules of conduct : Conduct Regulations 2003 under Bye-Laws 10(1), 19, 20 and 22B" (J120976). Supersedes "Professional conduct: rules of conduct and disciplinary procedures" (ISBN 0854068775). | ||
| 650 | _aRICS BYE-LAWS | ||
| 650 | _aRICS REGULATIONS | ||
| 650 | _aRICS MEMBERS' ACCOUNTS RULES | ||
| 650 | _aPROFESSIONAL CONDUCT | ||
| 650 | _aRICS PROFESSIONAL INDEMNITY INSURANCE RULES | ||
| 650 | _aRICS RULES OF CONDUCT | ||
| 690 | _aMANAGEMENT-BUSINESS MANAGEMENT-PROFESSIONAL PRACTICE | ||
| 942 | _n0 | ||
| 999 |
_c101876 _d101876 |
||